00305nam a2200121Ia 4500008004100000100002000041245004400061260003400105300000900139650001300148942000700161999001500168190216s9999||||xx |||||||||||||| ||und|| aBhagwati Prasad 0aLaw And Practice Of Income Tax In India bKerala Bhasha Institutec1982 a985p aCommerce cBK c5458d5458